Chiến lược giới trong nông nghiệp và phát triển nông thôn đến năm 2010
Tài liệu nêu lên chiến lược giới trong nông nghiệp và phát triển nông thôn của Bộ Nông nghiệp và Phát triển Nông thôn Việt Nam đến năm 2010. Nội dung đề cập cụ thể trong 3 phần: Trình bày thực trạng bình đẳng giới trong nông nghiệp và no...
שמור ב:
| מחבר תאגידי: | |
|---|---|
| פורמט: | ספר |
| שפה: | Undetermined |
| יצא לאור: |
Hà Nội
Văn hóa Thông tin
2003
|
| נושאים: | |
| תגים: |
הוספת תג
אין תגיות, היה/י הראשונ/ה לתייג את הרשומה!
|
| Thư viện lưu trữ: | Trung tâm Học liệu Trường Đại học Cần Thơ |
|---|
| LEADER | 01341nam a2200217Ia 4500 | ||
|---|---|---|---|
| 001 | CTU_142962 | ||
| 008 | 210402s9999 xx 000 0 und d | ||
| 082 | |a 353.535 | ||
| 082 | |b B450 | ||
| 110 | |a Bộ Nông nghiệp và Phát triển Nông thôn Việt Nam | ||
| 245 | 0 | |a Chiến lược giới trong nông nghiệp và phát triển nông thôn đến năm 2010 | |
| 245 | 0 | |c Bộ Nông nghiệp và Phát triển Nông thôn | |
| 260 | |a Hà Nội | ||
| 260 | |b Văn hóa Thông tin | ||
| 260 | |c 2003 | ||
| 520 | |a Tài liệu nêu lên chiến lược giới trong nông nghiệp và phát triển nông thôn của Bộ Nông nghiệp và Phát triển Nông thôn Việt Nam đến năm 2010. Nội dung đề cập cụ thể trong 3 phần: Trình bày thực trạng bình đẳng giới trong nông nghiệp và nông thôn Việt Nam, tầm nhìn và các mục tiêu chiến lược và trình bày về các điều kiện và tổ chức thục hiện. | ||
| 650 | |a Women,Phụ nữ | ||
| 650 | |x Government policy,Chính sách nhà nước | ||
| 650 | |z Vietnam,Việt Nam | ||
| 904 | |i Trọng Hiếu | ||
| 980 | |a Trung tâm Học liệu Trường Đại học Cần Thơ | ||